000 00224nam a2200097Ia 4500
008 230915s9999 xx 000 0 und d
050 _aKD 1554 .D89 2008
100 _aDUXBURY, ROBERT
245 0 _aCONTRACT LAW
942 _cBK
999 _c162581
_d162581